000 00609nam a2200193 i 4500
001 29129
003 ES-MaACL
005 20250816090435.0
007 t|
008 030121s1926 sp ||||1| spa d
100 1 _aBarberot, E.
_925446
245 1 0 _aTratado práctico de carpintería /
_cpor E. Barberot ; versión de Carlos Murciano.
260 _aBarcelona :
_bGustavo Gili,
_c1926 (
_fGuniart y Pujolar)
300 _a831 p. :
_bil. ;
_c25 cm.
650 0 7 _aCarpintería
_2embne
_910790
700 1 _aMurciano, Carlos,
_d1931-
_9153351
852 _aES-MaACL
_jA-2936
999 _c29129
_d29129